[Event "HUN-chT2 Szechenyi 1617"]
[Site "Hungary"]
[Date "2016.12.11"]
[Round "6.6"]
[White "Molnar, Gabor2222"]
[Black "Gyutai, Nandor"]
[Result "1-0"]
[WhiteElo "1957"]
[BlackElo "1779"]
[PlyCount "115"]
[EventDate "2016.09.25"]
[EventType "team-tourn"]
[EventRounds "11"]
[EventCountry "HUN"]
[SourceTitle "EXT 2021"]
[Source "ChessBase"]
[SourceDate "2020.10.23"]
[SourceVersion "1"]
[SourceVersionDate "2020.10.23"]
[SourceQuality "1"]
[WhiteTeam "Gyor Szechenyi"]
[BlackTeam "Papa"]
[WhiteTeamCountry "HUN"]
[BlackTeamCountry "HUN"]

1. d4 Nf6 2. Nf3 e6 3. c4 d5 4. Nc3 Nc6 5. Bf4 Bd6 6. Bg3 h6 7. e3 0-0 8. Be2 b6 9. 0-0 Bb7 10. Rc1 Bxg3 11. hxg3 Qe7 12. cxd5 exd5 13. Bb5 Nd8 14. Qc2 Ne6 15. Ne5 c5 16. Ne2 Rfc8 17. Qd2 Ne4 18. Qe1 c4 19. Nf4 Nxf4 20. gxf4 a6 21. Bd7 Rc7 22. Bf5 Nf6 23. a3 b5 24. Qd2 Bc8 25. Bxc8 Raxc8 26. Qa5 Ra8 27. f3 Rcc8 28. Kf2 Nd7 29. Rh1 Nxe5 30. fxe5 f6 31. Rh5 Rc6 32. exf6 Qxf6 33. Rxd5 Qh4+ 34. Kg1 Rf8 35. Qe1 Qe7 36. Re5 Qb7 37. Qh4 Qb6 38. Qe4 Rcf6 39. Qd5+ Kh8 40. Qc5 Qa5 41. Qxc4 Qe1+ 42. Rxe1 bxc4 43. Rc5 Rb8 44. Re2 Rfb6 45. Rxc4 Rxb2 46. Rxb2 Rxb2 47. Ra4 Rb6 48. e4 g5 49. Rc4 Kg7 50. d5 Rb3 51. a4 Ra3 52. Rd4 Kf7 53. e5 Re3 54. f4 a5 55. Kf2 Rb3 56. e6+ Ke7 57. f5 h5 58. d6+ 1-0

[Event "HUN-chT2 Szechenyi 1415"]
[Site "Hungary"]
[Date "2015.03.22"]
[Round "10.6"]
[White "Horvath, Mark"]
[Black "Gyutai, Nandor"]
[Result "1-0"]
[WhiteElo "1950"]
[BlackElo "1818"]
[PlyCount "137"]
[EventDate "2014.09.07"]
[EventType "team-tourn"]
[EventRounds "11"]
[EventCountry "HUN"]
[SourceTitle "EXT 2016"]
[Source "ChessBase"]
[SourceDate "2015.10.08"]
[SourceVersion "1"]
[SourceVersionDate "2015.10.08"]
[SourceQuality "1"]
[WhiteTeam "Tapolca"]
[BlackTeam "Papa"]
[WhiteTeamCountry "HUN"]
[BlackTeamCountry "HUN"]

1. e4 c5 2. Nc3 Nc6 3. f4 d6 4. Nf3 Nf6 5. Bb5 Bd7 6. Bxc6 Bxc6 7. Qe2 e6 8. b3 Be7 9. Bb2 0-0 10. 0-0-0 a6 11. g4 b5 12. g5 Ne8 13. h4 b4 14. Nb1 Bb5 15. d3 a5 16. Rdg1 a4 17. h5 d5 18. g6 fxg6 19. hxg6 h6 20. Bxg7 Kxg7 21. Rxh6 Kxh6 22. Qh2+ Bh4 23. Nxh4 Kg7 24. Nf5+ exf5 25. Qh7+ Kf6 26. g7 Nxg7 27. Rxg7 Ke6 28. e5 Be8 29. Qh6+ Rf6 30. exf6 Qxf6 31. Qxf6+ Kxf6 32. Rc7 axb3 33. axb3 Ra5 34. Kb2 Bf7 35. Nd2 Rb5 36. Nf3 c4 37. dxc4 dxc4 38. bxc4 Rb6 39. Ne5 Be6 40. Kb3 Rb8 41. Rc6 Ke7 42. Ra6 Rb7 43. Ra4 Bd7 44. Rxb4 Ra7 45. Nxd7 Kxd7 46. Rb6 Ke7 47. Rh6 Ra1 48. Rh5 Ke6 49. Rh6+ Ke7 50. c5 Rf1 51. Rh4 Kd7 52. Kc4 Rf2 53. c3 Rf3 54. Kd4 Kc6 55. c4 Rf1 56. Rh6+ Kc7 57. Ke5 Rc1 58. Kxf5 Rxc4 59. c6 Rc1 60. Re6 Rf1 61. Kg5 Rg1+ 62. Kf6 Rh1 63. f5 Rg1 64. Kf7 Kd8 65. Re7 Rh1 66. c7+ Kc8 67. f6 Rh7+ 68. Kf8 Rh1 69. f7 1-0

[Event "HUN-chT2 Szechenyi 1415"]
[Site "Hungary"]
[Date "2014.12.14"]
[Round "6.7"]
[White "Kiss, Laszlo"]
[Black "Gyutai, Nandor"]
[Result "1/2-1/2"]
[WhiteElo "1700"]
[BlackElo "1818"]
[PlyCount "109"]
[EventDate "2014.09.07"]
[EventType "team-tourn"]
[EventRounds "11"]
[EventCountry "HUN"]
[SourceTitle "EXT 2016"]
[Source "ChessBase"]
[SourceDate "2015.10.08"]
[SourceVersion "1"]
[SourceVersionDate "2015.10.08"]
[SourceQuality "1"]
[WhiteTeam "Arboretum"]
[BlackTeam "Papa"]
[WhiteTeamCountry "HUN"]
[BlackTeamCountry "HUN"]

1. e4 c5 2. Nf3 d6 3. d4 cxd4 4. Nxd4 Nf6 5. Nc3 a6 6. a4 e6 7. Be2 Be7 8. 0-0 Bd7 9. Bf3 Qc7 10. Be3 Nc6 11. Nb3 Ne5 12. Be2 Bc6 13. f3 0-0 14. a5 Ned7 15. Na4 b5 16. axb6 Qb7 17. Na5 Qc8 18. Nxc6 Qxc6 19. Nc3 Nc5 20. b4 Ncd7 21. Qd3 Ne5 22. Qd2 Nfd7 23. Bxa6 Nxb6 24. b5 Qc7 25. Na4 Nec4 26. Qe2 Nxe3 27. Qxe3 Nxa4 28. Rxa4 d5 29. Qd3 Rfd8 30. Kh1 Rab8 31. exd5 Rxd5 32. Qe4 Rbd8 33. Rc4 Rc5 34. Rxc5 Qxc5 35. Qe2 Qd4 36. Bb7 Bc5 37. Be4 g6 38. Bd3 h5 39. g3 Kg7 40. Kg2 h4 41. Qe4 h3+ 42. Kxh3 Rh8+ 43. Kg2 Qc3 44. Qe2 Bd4 45. Rb1 Rb8 46. Rf1 Rd8 47. Rb1 Rb8 48. Rf1 Rd8 49. Rd1 Rb8 50. Qe4 Rb6 51. h4 e5 52. g4 Rf6 53. Qd5 Qc7 54. Be4 Qc3 55. Bd3 1/2-1/2

[Event "HUN-chT2 Szechenyi 1415"]
[Site "Hungary"]
[Date "2014.09.21"]
[Round "2.7"]
[White "Babocs, Gyula"]
[Black "Gyutai, Nandor"]
[Result "1-0"]
[WhiteElo "1974"]
[BlackElo "1818"]
[PlyCount "101"]
[EventDate "2014.09.07"]
[EventType "team-tourn"]
[EventRounds "11"]
[EventCountry "HUN"]
[SourceTitle "EXT 2016"]
[Source "ChessBase"]
[SourceDate "2015.10.08"]
[SourceVersion "1"]
[SourceVersionDate "2015.10.08"]
[SourceQuality "1"]
[WhiteTeam "Ajka Banyasz"]
[BlackTeam "Papa"]
[WhiteTeamCountry "HUN"]
[BlackTeamCountry "HUN"]

1. e4 c5 2. d4 cxd4 3. c3 e6 4. Nf3 dxc3 5. Nxc3 a6 6. Bc4 Nc6 7. 0-0 Nge7 8. Qe2 Ng6 9. Rd1 Be7 10. Be3 0-0 11. Rac1 b5 12. Bb3 Na5 13. Nd4 Nxb3 14. Nxb3 Bb7 15. f3 Rc8 16. Qf2 Ne5 17. Bb6 Qe8 18. Nc5 Nc4 19. Nxb7 Rb8 20. b3 Nxb6 21. Qxb6 Ba3 22. Rc2 Qc8 23. Qa5 Qxb7 24. Qxa3 b4 25. Qb2 bxc3 26. Rxc3 d5 27. exd5 exd5 28. Rcd3 Rfd8 29. Qe5 Re8 30. Qxd5 Qb4 31. Qd6 Re1+ 32. Kf2 Qh4+ 33. Qg3 Qxg3+ 34. Kxg3 Ree8 35. Rd6 Ra8 36. R1d4 Kf8 37. Ra4 Re6 38. Rxe6 fxe6 39. Kf4 Ke7 40. Ke5 Ra7 41. Ra5 g5 42. b4 Rb7 43. a3 Rb6 44. Rc5 h6 45. Rc7+ Kd8 46. Rh7 a5 47. bxa5 Rb5+ 48. Kd6 Ke8 49. Rxh6 Rxa5 50. Rxe6+ Kf7 51. Re3 1-0

[Event "Veszprem Hemo op"]
[Site "Veszprem"]
[Date "2008.08.19"]
[Round "6"]
[White "Ligeti, Zoltan"]
[Black "Gyutai, Nandor"]
[Result "1/2-1/2"]
[WhiteElo "1785"]
[BlackElo "1912"]
[PlyCount "52"]
[EventDate "2008.08.16"]
[EventType "swiss"]
[EventRounds "7"]
[EventCountry "HUN"]
[SourceTitle "EXT 2011"]
[Source "ChessBase"]
[SourceDate "2010.11.26"]
[SourceVersion "1"]
[SourceVersionDate "2010.11.26"]
[SourceQuality "1"]

1. e4 c5 2. Nf3 d6 3. d4 cxd4 4. Nxd4 Nf6 5. Nc3 a6 6. h3 e6 7. Bd3 b5 8. a3 Bb7 9. 0-0 Be7 10. Be3 0-0 11. Qd2 Nbd7 12. Rad1 Nc5 13. f3 Nxd3 14. Qxd3 Qc7 15. Bf2 d5 16. exd5 Nxd5 17. Nxd5 Bxd5 18. Rfe1 Rad8 19. Qe3 Bc5 20. Qc1 Qb6 21. c3 Bb7 22. b4 Bxd4 23. Bxd4 Qc6 24. Bc5 Rfe8 25. Qg5 Rd5 26. Rxd5 Qxd5 1/2-1/2

[Event "Veszprem Hemo op"]
[Site "Veszprem"]
[Date "2008.08.17"]
[Round "2"]
[White "Gyutai, Nandor"]
[Black "Schubert, Gyula"]
[Result "0-1"]
[WhiteElo "1912"]
[BlackElo "2150"]
[PlyCount "100"]
[EventDate "2008.08.16"]
[EventType "swiss"]
[EventRounds "7"]
[EventCountry "HUN"]
[SourceTitle "EXT 2011"]
[Source "ChessBase"]
[SourceDate "2010.11.26"]
[SourceVersion "1"]
[SourceVersionDate "2010.11.26"]
[SourceQuality "1"]

1. d4 Nf6 2. c4 g6 3. Nc3 Bg7 4. e4 d6 5. Nf3 0-0 6. Be2 Nbd7 7. 0-0 e5 8. dxe5 dxe5 9. Qc2 c6 10. b3 Qc7 11. Ba3 Re8 12. Rad1 Bf8 13. Bxf8 Nxf8 14. h3 Be6 15. Ng5 Rad8 16. Rxd8 Rxd8 17. Bd3 Nh5 18. Ne2 f6 19. Nxe6 Nxe6 20. Rd1 Nhf4 21. Nxf4 Nxf4 22. Be2 c5 23. Bg4 h5 24. Bf3 Ne6 25. Rxd8+ Qxd8 26. Qd1 Qd4 27. h4 a5 28. g3 Kf8 29. Qc1 Kg7 30. Qc2 Qa1+ 31. Kg2 Nd4 32. Qd2 b6 33. Bd1 Qb1 34. f3 Kf7 35. Kf2 f5 36. exf5 Qxf5 37. Kg2 e4 38. fxe4 Qxe4+ 39. Kf2 Ke6 40. Qe3 Ke5 41. Qg5+ Qf5+ 42. Qxf5+ Nxf5 43. Bc2 Kd4 44. Kf3 Kc3 45. Be4 a4 46. bxa4 Kxc4 47. a5 bxa5 48. Kf4 Kd4 49. Bb1 c4 50. Kf3 Kc3 0-1

[Event "Veszprem Hemo op"]
[Site "Veszprem"]
[Date "2008.08.17"]
[Round "3"]
[White "Tigyi, Fanni"]
[Black "Gyutai, Nandor"]
[Result "1-0"]
[WhiteElo "1501"]
[BlackElo "1912"]
[PlyCount "112"]
[EventDate "2008.08.16"]
[EventType "swiss"]
[EventRounds "7"]
[EventCountry "HUN"]
[SourceTitle "EXT 2011"]
[Source "ChessBase"]
[SourceDate "2010.11.26"]
[SourceVersion "1"]
[SourceVersionDate "2010.11.26"]
[SourceQuality "1"]

1. e4 c5 2. c4 Nc6 3. Nc3 Nf6 4. d3 d6 5. Be2 Nd4 6. Be3 e5 7. f4 Be7 8. h3 Nxe2 9. Qxe2 h5 10. fxe5 dxe5 11. Nf3 Nd7 12. Nd5 Bh4+ 13. Nxh4 Qxh4+ 14. Bf2 Qd8 15. 0-0 b6 16. Be3 Bb7 17. Qf3 Bxd5 18. exd5 Qf6 19. Qe4 Qg6 20. Qxg6 fxg6 21. Rae1 0-0-0 22. Rf7 Rhg8 23. Ref1 Rdf8 24. Rxf8+ Rxf8 25. Rxf8+ Nxf8 26. Bg5 Kd7 27. Kf2 Nh7 28. Bh4 Kd6 29. Ke3 g5 30. Bg3 g6 31. Be1 Nf6 32. g3 a6 33. a4 Ng8 34. Bc3 Nf6 35. b3 Nd7 36. b4 Nf6 37. bxc5+ bxc5 38. Ba5 Ng8 39. Kf3 Nh6 40. Ke4 Nf5 41. g4 Nh6 42. Bc3 hxg4 43. Bxe5+ Kd7 44. hxg4 Nxg4 45. Bg7 Nf2+ 46. Ke3 Nd1+ 47. Kf3 g4+ 48. Kxg4 Nf2+ 49. Kg5 Nxd3 50. Kxg6 Kd6 51. Kf5 Ke7 52. Be5 Kd7 53. Bg7 Ke7 54. Ke4 Nf2+ 55. Kf3 Nh3 56. Bh6 Kf6 1-0